Cargando...

Kerala index 2006: vol-6 /

Detalles Bibliográficos
Formato: Printed Book
Lenguaje:Malayalam
Publicado: Thiruvananthapuram: Kerala University Library, 2006.
Materias:
LEADER 00548cam a2200169ua 4500
008 120504t2006||||||||||| 00 ||mal c
041 0 |a mal 
082 |a M 016.954 83  |b KER.6 
245 0 0 |a Kerala index 2006: vol-6 /  
260 |a Thiruvananthapuram:  |b Kerala University Library,  |c 2006. 
300 |a 93p.. 
362 1 |a 2006. 
650 |a Bibliographies 
650 0 |a Kerala index 
942 |c REF 
999 |c 27034  |d 27034 
952 |0 0  |1 0  |4 0  |6 M_016_954000000000000_83_KER  |7 0  |9 28796  |a KUCL  |b KUCL  |d 2014-05-23  |l 0  |o M 016.954 83 KER.  |p G1224  |r 2017-03-09  |w 2014-05-23  |y REF